Fortnite Season Guesser - Statistics

General Stats
  • This quiz has been taken 19,019 times
  • The average score is 6 of 15
Answer Stats
Hint Answer % Correct
Start of Fortnite Chapter 1 Season 1
78%
Marvel Season Chapter 2 Season 4
62%
Flooded Season Chapter 2 Season 3
57%
Pirate Season Chapter 1 Season 8
54%
Underground Season Chapter 5 Season 1
48%
Futuristic Season Chapter 1 Season 9
44%
Invasion Season Chapter 2 Season 7
38%
"OG" Chapter 4 Season 5
35%
Zero Point Season Chapter 2 Season 5
34%
Superhero Season Chapter 1 Season 4
32%
Dark Season Chapter 1 Season 6
32%
Cubed Season Chapter 2 Season 8
32%
Chrome Season Chapter 3 Season 4
32%
Vibin Season Chapter 3 Season 3
31%
Resistance Season Chapter 3 Season 2
30%
No matching quizzes found
Score Distribution
Percent of People with Each Score
Percentile by Number Answered
Your Score History
You have not taken this quiz